| 000 | 00461nam a2200133Ia 4500 | ||
|---|---|---|---|
| 008 | 220204s9999 xx 000 0 und d | ||
| 082 |
_a575:581(595) _bZAK |
||
| 245 | 0 | _aGenetic resources of underutilized plants in Malaysia. Proceedings of a national workshop on plant genetic resources held in Malaysia. 1988 | |
| 260 |
_aMalaysia _bFRIM _c1989 |
||
| 650 | _aGenetic resources conservation | ||
| 650 | _aMedicinal plants | ||
| 700 | _aZakri, A H | ||
| 942 | _cBK | ||
| 999 |
_c43638 _d43638 |
||